All 5k+ cities in Alabama on a map - Statistics

General Stats
  • This quiz has been taken 13 times
  • The average score is 42 of 103
Answers on the Map
Answers color-coded by a green-red scale on the quiz's map according to % correct below.
 
Answer Stats
City Population % Correct
Birmingham 200,733
100%
Mobile 187,041
100%
Montgomery 200,603
100%
Decatur 57,938
91%
Dothan 71,072
91%
Huntsville 215,006
91%
Tuscaloosa 99,600
91%
Auburn 76,143
82%
Florence 40,184
82%
Gadsden 33,945
82%
Hoover 92,606
82%
Selma 17,971
73%
Anniston 21,564
64%
Gulf Shores 15,014
64%
Madison 56,933
64%
Muscle Shoals 16,275
64%
Talladega 15,861
64%
Daphne 27,462
55%
Fairhope 22,477
55%
Jacksonville 14,385
55%
Phenix City 38,816
55%
Vestavia Hills 39,102
55%
Alabaster 33,284
45%
Athens 25,406
45%
Bessemer 26,019
45%
Enterprise 28,711
45%
Greenville 7,374
45%
Irondale 13,497
45%
Jasper 14,572
45%
Opelika 30,995
45%
Orange Beach 8,095
45%
Oxford 22,069
45%
Troy 17,727
45%
Tuskegee 9,395
45%
Albertville 22,386
36%
Alexander City 14,843
36%
Arab 8,461
36%
Boaz 10,107
36%
Calera 16,494
36%
Fairfield 10,000
36%
Foley 20,335
36%
Gardendale 16,044
36%
Helena 20,914
36%
Hueytown 16,776
36%
Leeds 12,324
36%
Mountain Brook 22,461
36%
Opp 6,771
36%
Pelham 24,318
36%
Prattville 37,781
36%
Rainbow City 10,191
36%
Russellville 10,855
36%
Saraland 16,171
36%
Scottsboro 15,578
36%
Spanish Fort 10,049
36%
Trussville 26,123
36%
Wetumpka 7,220
36%
Andalusia 8,805
27%
Atmore 8,391
27%
Attalla 5,827
27%
Brewton 5,276
27%
Chelsea 14,982
27%
Chickasaw 6,457
27%
Clanton 8,768
27%
Cullman 18,213
27%
Demopolis 7,162
27%
Eufaula 12,882
27%
Fort Payne 14,877
27%
Fultondale 9,876
27%
Glencoe 5,372
27%
Guntersville 8,553
27%
Hamilton 7,042
27%
Homewood 26,414
27%
Lincoln 6,845
27%
Margaret 5,106
27%
Midfield 5,211
27%
Millbrook 16,564
27%
Monroeville 5,951
27%
Montevallo 7,229
27%
Moody 13,170
27%
Northport 31,125
27%
Ozark 14,368
27%
Pell City 12,939
27%
Pinson 7,215
27%
Pleasant Grove 9,544
27%
Prichard 19,322
27%
Robertsdale 6,708
27%
Satsuma 6,749
27%
Southside 9,426
27%
Sylacauga 12,578
27%
Tarrant 6,124
27%
Valley 10,529
27%
Center Point 16,406
18%
Clay 10,291
18%
Hartselle 15,455
18%
Lanett 6,970
18%
Oneonta 6,938
18%
Pike Road 9,439
18%
Rainsville 5,505
18%
Roanoke 5,311
18%
Sheffield 9,403
18%
Smiths Station 5,384
18%
Tuscumbia 9,054
18%
Bay Minette 8,107
0%
No matching quizzes found
Score Distribution
Percent of People with Each Score
Percentile by Number Answered
Your Score History
You have not taken this quiz